| 000 | 00855nam a2200205 u 4500 | ||
|---|---|---|---|
| 001 | 000811155 | ||
| 003 | AM-YeHGA | ||
| 005 | 20250617144430.0 | ||
| 008 | 110520s1973 ru r 000 0 rus d | ||
| 040 | _aAM-YeHGA | ||
| 041 | 0 | _arus | |
| 100 | 1 | _aСахаров, Андрей Николаевич | |
| 245 | 1 | 0 |
_aСтепан Разин : _bХроника XVII века / _cА. Сахаров. |
| 260 |
_aМосква : _bМолодая гвардия, _c1973. |
||
| 300 |
_a320 с. : _bил. |
||
| 440 | 0 | _aЖизнь замечат. людей. ЖЗЛ. Сер. биогр. Осн. в 1933 г. М. Горьким; Вып. 1 (522) | |
| 600 | 1 | 4 | _aРазин, Степан Тимофеевич |
| 653 | 0 | _aКрестьянская война под руководством Степана Разина 1670-1671 гг. - (х. л.) | |
| 090 | _c295629 | ||
| 999 |
_c293944 _d293944 |
||